000 00392nam a2200169Ia 4500
001 13514
003 IN-NITTTR
005 20251114233127.0
008 251113s9999||||xx |||||||||||||| ||eng||
040 _beng
040 _cIN-NITTTR
041 _aeng
082 _a929.2 L15C
100 _aLala, R. M.
245 0 _aCreation of wealth :
_b a Tata story. /
_cLala, R. M.
942 _2ddc
_cBK
999 _c16150
_d16150